| 000 | 00569nam a2200181Ia 4500 | ||
|---|---|---|---|
| 005 | 20260429112239.0 | ||
| 008 | 260429s9999||||xx |||||||||||||| ||und|| | ||
| 020 | _a8177143255 | ||
| 041 | _aHindi | ||
| 082 |
_a891.43 _bDAS |
||
| 100 | _aदास, श्यामसुंदर | ||
| 245 | 0 |
_aकबीर ग्रंथावली / _cश्यामसुंदर दास |
|
| 250 | _a0 | ||
| 260 |
_aनई दिल्ली : _bप्रकाशन संस्थान, _c2019. |
||
| 300 | _a325 p.; Hb | ||
| 650 | _aHindi Literature | ||
| 942 | _cTB | ||
| 999 |
_c53103 _d53103 |
||